Почасовая оплата труда в высшей школе: справочное пособие

Detaylı Bibliyografya
Yazar: Ермичева Н. Г. Нелли Геннадиевна
Müşterek Yazar: Ленинградский государственный университет (ЛГУ)
Diğer Yazarlar: Зубкова В. А. Вадим Александрович, Прудинский А. М. Аркадий Михайлович
Özet:Исключено из фонда НТБ ТПУ
Dil:Rusça
Baskı/Yayın Bilgisi: Ленинград, Изд-во Ленинградского ун-та, 1988
Materyal Türü: MixedMaterials Kitap
KOHA link:https://koha.lib.tpu.ru/cgi-bin/koha/opac-detail.pl?biblionumber=247584

MARC

LEADER 00000nam0a2200000 4500
001 247584
005 20231031212116.0
010 |a 5288002002 
035 |a (RuTPU)RU\TPU\book\269144 
090 |a 247584 
100 |a 20140110d1988 km y0rusy50 ca 
101 0 |a rus 
102 |a RU 
105 |a y g 001zy 
200 1 |a Почасовая оплата труда в высшей школе  |e справочное пособие  |f Н. Г. Ермичева, В. А. Зубкова, А. М. Прудинский  |g Ленинградский государственный университет (ЛГУ) 
210 |a Ленинград  |c Изд-во Ленинградского ун-та  |d 1988 
215 |a 88 с. 
333 |a Исключено из фонда НТБ ТПУ 
700 1 |a Ермичева  |b Н. Г.  |g Нелли Геннадиевна 
701 1 |a Зубкова  |b В. А.  |g Вадим Александрович 
701 1 |a Прудинский  |b А. М.  |g Аркадий Михайлович 
712 0 2 |a Ленинградский государственный университет (ЛГУ)  |c (1924-1991) 
801 1 |a RU  |b 63413507  |c 20140110 
801 2 |a RU  |b 63413507  |c 20220310  |g RCR 
942 |c BK